Statistics for Artists by Titles of their Works

Click here to take the quiz!

General Stats

  • This quiz has been taken 22,866 times
  • The average score is 11 of 20

Answer Stats

WorksArtist% Correct
Mona Lisa, The Last SupperLeonardo da Vinci
99%
The Starry Night, The Night CaféVincent Van Gogh
91%
Guernica, Les Demoiselles d'AvignonPablo Picasso
85%
Creation of Adam, PietàMichelangelo
84%
Water Lilies, Rouen CathedralClaude Monet
81%
Campbell's Soup I, Eight ElvisesAndy Warhol
67%
The Night Watch,
The Return of the Prodigal Son
Rembrandt
62%
The School of Athens,
Sistine Madonna
Raphael
57%
Olympia, A Bar at the Folies-BergèreEdouard Manet
56%
The Thinker, The Burghers of CalaisAuguste Rodin
54%
The Birth of Venus, Allegory of SpringSandro Botticelli
53%
Tahitian Women on the Beach,
The Yellow Christ
Paul Gauguin
46%
Adele Bloch-Bauer I, The KissGustav Klimt
44%
Young Spartans Exercising,
Little Dancer of Fourteen Years
Edgar Degas
38%
The Third of May 1808,
The Nude Maja
Francisco Goya
38%
Las Meninas, Portrait of Juan de ParejaDiego Velázquez
33%
Nighthawks, AutomatEdward Hopper
27%
View of Toledo,
The Disrobing of Christ
El Greco
26%
Ascending and Descending,
House of Stairs
M.C. Escher
24%
Pineapple Bud, Blue Morning GloriesGeorgia O'Keeffe
16%

Score Distribution

Percentile by Number Answered

Percent of People with Each Score

Your Score History

You have not taken this quiz